000 00607nam a2200217Ia 4500
003 OSt
005 20221007083250.0
006 a|||||r|||| 00| 0
007 ta
008 221006b |||||||| |||| 00| 0 eng d
024 _a38,446
037 _cTheseses
040 _aFLL
_cFLL
_beng
041 _2eng
_aeng
100 _aVijay Kumar Himanshu
_9542949
245 0 _aLaw of patenting of biotechnological invention and its effect on food security, public health and environment
260 _c2010
300 _a306p
_ccm.
942 _cDIS
_2CC
999 _c1169448
_d1169448